| 000 | 00934nam a2200277 4500 | ||
|---|---|---|---|
| 001 | calculusanalytic00ridd | ||
| 003 | CaSfIA | ||
| 005 | 20230525154829.0 | ||
| 007 | cr|||| | ||
| 008 | 740129s1974 caua 001 0 eng | ||
| 035 | _9(DLC) 73083716 | ||
| 856 | 4 | 1 |
_uhttp://www.archive.org/details/calculusanalytic00ridd _zFree eBook from the Internet Archive |
| 856 | 4 | 2 |
_uhttp://www.openlibrary.org/books/OL5435576M _zAdditional information and access via Open Library |
| 010 | _a 73083716 | ||
| 020 | _a053400301X | ||
| 040 |
_aDLC _cDLC _dDLC _dCaSfIA |
||
| 050 | 0 | 0 |
_aQA303 _b.R53 1974 |
| 082 | 0 | 0 | _a515/.15 |
| 100 | 1 | _aRiddle, Douglas F. | |
| 245 | 1 | 0 |
_aCalculus and analytic geometry _h[electronic resource] _c[by] Douglas F. Riddle. |
| 250 | _a2d ed. | ||
| 260 |
_aBelmont, Calif., _bWadsworth Pub. Co. _c[1974] |
||
| 300 |
_avi, 848 p. _billus. _c27 cm. |
||
| 650 | 0 | _aCalculus. | |
| 650 | 0 | _aGeometry, Analytic. | |
| 999 |
_c18821 _d18821 |
||